Detalles MARC
| 000 -LIDER |
| fixed length control field |
01435nam a2200337 a 4500 |
| 003 - IDENTIFICACDOR DE NÚMERO DE CONTROL |
| control field |
DO-SdBNP |
| 005 - DATE AND TIME OF LATEST TRANSACTION |
| control field |
20180314141427.0 |
| 008 - ELEMENTOS DE LONGITUD FIJA |
| fixed length control field |
091125s 2009 dr a 000 0 spa d |
| 020 ## - ISBN |
| International Standard Book Number |
9789945171983 |
| 040 ## - FUENTE DE CATALOGACIÓN |
| Agencia que crea de manera original el registro |
BPMSU |
| Idioma de catalogación |
spa |
| Agencia que realiza la transcripción |
BPMSU |
| 082 #4 - NÚMERO DE CLASIFICACIÓN DECIMAL DE DEWEY |
| Classification number |
373.54 |
| Item number |
Q6e, 3ro. 2009 |
| 245 00 - MENCIÓN DE TITULO |
| Título |
Química 3: |
| Subtítulo |
educación media / |
| Mención de responsabilidad |
colaboración Horacio Arredondo ... [et al.] ; direccion editorial <br/> Luis Miguel Aguas Vanin ; ilustración Henry Cid ... [et al.]. |
| 260 ## - PUBLICACIÓN, DISTRIBUCIÓN, ETC. (PIE DE IMPRENTA) |
| Lugar de publicación, distribución, etc |
Santo Domingo : |
| Nombre del editor, distribuidor, etc. |
SM, |
| Fecha de publicación, distribución, etc |
2009 |
| 300 ## - DESCRIPCIÓN FÍSICA |
| Extensión |
159 p. : |
| Otros detalles físicos |
il. ; |
| Dimensiones |
29 cm. |
| 490 1# - MENCIÓN DE SERIES |
| Mención de serie |
Proyecto saber más |
| 505 0# - NOTA DE CONTENIDO |
| Título |
Hidrógeno y oxígeno -- |
| -- |
El agua -- |
| -- |
Sistemas materiales y aplicaciones -- |
| -- |
Elementos del bloque s -- |
| -- |
Elementos del bloque p -- |
| -- |
Elementos del bloque d -- |
| -- |
Elementos del bloque f -- |
| -- |
Diccionario científico -- |
| -- |
Tabla periódica. |
| 650 #4 - ENCABEZAMIENTO DE MATERIA--TEMÁTICO |
| Término temático o nombre geográfico como elemento de entrada |
QUÍMICA |
| Subdivisión temática general |
ENSEÑANZA SECUNDARIA |
| 650 #4 - ENCABEZAMIENTO DE MATERIA--TEMÁTICO |
| Término temático o nombre geográfico como elemento de entrada |
QUÍMICA |
| Subdivisión temática general |
EDUCACIÓN SECUNDARIA |
| 650 #4 - ENCABEZAMIENTO DE MATERIA--TEMÁTICO |
| Término temático o nombre geográfico como elemento de entrada |
EDUCACIÓN SECUNDARIA |
| Subdivisión geográfica |
REPÚBLICA DOMINICANA |
| 650 #4 - ENCABEZAMIENTO DE MATERIA--TEMÁTICO |
| Término temático o nombre geográfico como elemento de entrada |
QUÍMICA |
| Subdivisión temática general |
LIBROS DE TEXTOS |
| 650 #4 - ENCABEZAMIENTO DE MATERIA--TEMÁTICO |
| Término temático o nombre geográfico como elemento de entrada |
QUÍMICA |
| Subdivisión temática general |
ESTUDIOS Y EJERCICIOS |
| 700 1# - ASIENTO SECUNDARIO -- NOMBRE PERSONAL |
| Nombre personal |
Arredondo, Horacio |
| 700 12 - ASIENTO SECUNDARIO -- NOMBRE PERSONAL |
| Nombre personal |
Aguas Vanin, Luis Miguel, |
| Mención de responsabilidad |
dir. |
| 700 12 - ASIENTO SECUNDARIO -- NOMBRE PERSONAL |
| Nombre personal |
Cid, Henry, |
| Mención de responsabilidad |
il. |
| 700 1# - ASIENTO SECUNDARIO -- NOMBRE PERSONAL |
| Nombre personal |
Rogero Soler, Anna |
| Mención de responsabilidad |
ed. |
| 830 #0 - ASIENTO SECUNDARIO DE SERIE--TÍTULO UNIFORME |
| Título uniforme |
Proyecto saber más |
| 910 ## - VALIDACIÓN |
| Validación |
Validado. Control de calidad MFF |
| 942 ## - ADDED ENTRY ELEMENTS (KOHA) |
| Source of classification or shelving scheme |
Dewey Decimal Classification |
| Koha item type |
Libros |
| 945 ## - INFORMACIÓN DE PROCESAMIENTO LOCAL |
| Información de procesamiento local |
Remanejado para la BNPHU / 2018 LP |
| 956 ## - LOCAL ELECTRONIC LOCATION AND ACCESS (OCLC) |
| Nombre de host |
LOPEREZ |
| Número de acceso |
10 |
| Información de compresión |
20180314 |
| Procesador de solicitud |
BPMSU |